MARC details
| 000 -CABECERA |
| campo de control de longitud fija |
01620cam a2200325 a 4500 |
| 001 - NÚMERO DE CONTROL |
| campo de control |
000013844 |
| 005 - FECHA Y HORA DE LA ÚLTIMA TRANSACCIÓN |
| campo de control |
20240515122609.0 |
| 008 - DATOS DE LONGITUD FIJA--INFORMACIÓN GENERAL |
| campo de control de longitud fija |
940223s1989 uy a f000 0 spa d |
| 035 ## - NÚMERO DE CONTROL DEL SISTEMA |
| Número de control de sistema |
(DLC) 93833278 |
| 040 ## - FUENTE DE LA CATALOGACIÓN |
| Centro catalogador/agencia de origen |
DO-SdBNP |
| Centro/agencia transcriptor |
DLC |
| 042 ## - CÓDIGO DE AUTENTICACIÓN |
| Código de autenticación |
lcode |
| 043 ## - CÓDIGO DE ÁREA GEOGRÁFICA |
| Código de área geográfica |
s-uy--- |
| 082 ## - NÚMERO DE LA CLASIFICACIÓN DECIMAL DEWEY |
| Número de clasificación |
338.91895 |
| Número de documento/Ítem |
P964r |
| 049 ## - FONDOS LOCALES (OCLC) |
| Fondos de biblioteca |
BNGR |
| 245 00 - MENCIÓN DE TÍTULO |
| Título |
Programa de reforma administrativa : |
| Resto del título |
La reforma administrativa inserta en el primer plan de desarrollo socioeconómico, formulado por la Comisión de Inversiones y Desarrollo Económico (CIDE). 1964 / |
| Mención de responsabilidad, etc. |
prólogo, Enrique Iglesias ; prefario del Sr. Ernesto Daragnés Rodero. |
| 260 ## - PUBLICACIÓN, DISTRIBUCIÓN, ETC. |
| Lugar de publicación, distribución, etc. |
[Montevideo, Uruguay] : |
| Nombre del editor, distribuidor, etc. |
Instituto Nacional del Libro : |
| -- |
Oficina Nacional del Servicio Civil : |
| -- |
Fundacion Hanns Seidel, |
| Fecha de publicación, distribución, etc. |
1989. |
| 300 ## - DESCRIPCIÓN FÍSICA |
| Extensión |
182 p. : |
| Otras características físicas |
il. ; |
| Dimensiones |
19 cm. |
| 490 1# - MENCIÓN DE SERIE |
| Mención de serie |
Reforma del Estado |
| Designación de volumen o secuencia |
2 |
| 500 ## - NOTA GENERAL |
| Nota general |
"La reforma administrativa inserta en el Primer Plan de Desarrollo Socioeconómico, formulado por la Comisión de Inversiones y Desarrollo Económico (CIDE), 1964." |
| 500 ## - NOTA GENERAL |
| Nota general |
"Informe sobre la administración pública: Comisión de Inversiones y Desarrollo Económico (CIDE), 1965"--Cover. |
| 650 #0 - PUNTO DE ACCESO ADICIONAL DE MATERIA--TÉRMINO DE MATERIA |
| Término de materia o nombre geográfico como elemento de entrada |
Política económica |
| 9 (RLIN) |
84931 |
| 650 #0 - PUNTO DE ACCESO ADICIONAL DE MATERIA--TÉRMINO DE MATERIA |
| Término de materia o nombre geográfico como elemento de entrada |
Administración pública |
| 9 (RLIN) |
9266 |
| 651 #4 - PUNTO DE ACCESO ADICIONAL DE MATERIA--NOMBRE GEOGRÁFICO |
| Nombre geográfico |
Uruguay |
| Subdivisión general |
Política Y Gobierno |
| 9 (RLIN) |
16389 |
| 700 1# - PUNTO DE ACCESO ADICIONAL--NOMBRE DE PERSONA |
| Nombre de persona |
Iglesias, Enrique, |
| Término indicativo de función/relación |
pról. |
| 9 (RLIN) |
31353 |
| 700 1# - PUNTO DE ACCESO ADICIONAL--NOMBRE DE PERSONA |
| Nombre de persona |
Rodero, Ernesto Daragnés, |
| 9 (RLIN) |
31354 |
| 710 1# - PUNTO DE ACCESO ADICIONAL--NOMBRE DE ENTIDAD CORPORATIVA |
| Nombre de entidad corporativa o nombre de jurisdicción como elemento de entrada |
Uruguay. |
| Unidad subordinada |
Comision de Inversiones y Desarrollo Economico. |
| 9 (RLIN) |
31355 |
| 740 0# - PUNTO DE ACCESO ADICIONAL--TÍTULO RELACIONADO O ANALÍTICO NO CONTROLADO |
| Título relacionado o analítico no controlado |
Informe sobre la administración pública. |
| 830 #0 - PUNTO DE ACCESO ADICIONAL DE SERIE-TÍTULO UNIFORME |
| Título uniforme |
Reforma del Estado ; |
| Designación de volumen o secuencia |
2 |
| 9 (RLIN) |
19983 |
| 910 ## - DATOS DE OPCIÓN DEL USUARIO (OCLC) |
| Datos de opción del usuario |
Catalogación por copia / LC |